000 00436nam a2200157 4500
001 116263
003 ES-MaACL
005 20230906190653.0
007 t|
008 061121m19701971sp r ||||1| spa d
100 1 _aPatronato Alonso de Herrera (Madrid)
_989597
245 1 0 _aMemoria del año 1968.
260 _aMadrid :
_b[s. n.],
_c1970-1971 (
_fImp. Aguirre)
300 _a112 p. ;
_c25 cm.
852 _aES-MaACL
_jC-43485
_bR.81075
999 _c116263
_d116263